[Event "Rated Blitz game"]
[Site "?"]
[Date "2021.05.20"]
[Round "?"]
[White "magos33"]
[Black "annaly1979"]
[Result "1-0"]
[WhiteElo "2404"]
[BlackElo "2387"]
[PlyCount "71"]
[EventDate "2021.??.??"]
[EventType "blitz"]

1. e4 e5 2. Nf3 d5 3. exd5 e4 4. Qe2 f5 5. d3 Nf6 6. Nbd2 Be7 7. dxe4 fxe4 8.
Nxe4 Nxe4 9. Qxe4 O-O 10. Bc4 Bb4+ 11. Kf1 Bd6 12. Bg5 Bf5 13. Qxf5 Rxf5 14.
Bxd8 Nd7 15. Bh4 Raf8 16. Bg3 Nb6 17. Bb3 h6 18. Bxd6 cxd6 19. Rd1 Nd7 20. Rd2
Nc5 21. Nd4 Ne4 22. Nxf5 Nxd2+ 23. Ke2 Nxb3 24. Nxh6+ gxh6 25. axb3 Rf4 26. c4
Kf7 27. Ke3 Rg4 28. g3 b5 29. f4 bxc4 30. bxc4 h5 31. Ra1 h4 32. Rxa7+ Kf6 33.
Kf3 Rg8 34. Rd7 Rb8 35. Rxd6+ Kf5 36. g4# {Normal} 1-0

[Event "Rated Blitz game"]
[Site "?"]
[Date "2021.05.20"]
[Round "?"]
[White "Pirat52"]
[Black "Razario90"]
[Result "0-1"]
[WhiteElo "2571"]
[BlackElo "2412"]
[PlyCount "54"]
[EventDate "2021.??.??"]
[EventType "blitz"]

1. e4 e5 2. Nf3 d5 3. Nxe5 dxe4 4. Bc4 Qg5 5. d4 Qxg2 6. Rf1 Be6 7. Bxe6 fxe6
8. Nc3 Nf6 9. Qe2 Nc6 10. Qb5 O-O-O 11. Nxc6 bxc6 12. Qxc6 Bb4 13. Bf4 Bxc3+
14. bxc3 Nd5 15. Be5 e3 16. Qxe6+ Rd7 17. Rb1 exf2+ 18. Ke2 Qe4+ 19. Kd1 Nxc3+
20. Kc1 Qe1+ 21. Kb2 Nxb1 22. Qa6+ Kd8 23. Bg3 Qb4+ 24. Ka1 Nd2 25. Bh4+ Re7
26. Bxe7+ Kxe7 27. Qe2+ Kd8 {Time forfeit} 0-1

[Event "Rated Blitz tournament 7uguc7zz"]
[Site "?"]
[Date "2021.05.20"]
[Round "?"]
[White "licg"]
[Black "dr_xStranger"]
[Result "0-1"]
[WhiteElo "2493"]
[BlackElo "2533"]
[PlyCount "110"]
[EventDate "2021.??.??"]
[EventType "blitz"]

1. e4 e5 2. Nf3 d5 3. d4 dxe4 4. Nxe5 Bd6 5. Bc4 Bxe5 6. dxe5 Qxd1+ 7. Kxd1 Nc6
8. Bf4 Bf5 9. Nc3 Nge7 10. Nb5 O-O-O+ 11. Kc1 a6 12. Nc3 Ng6 13. Bg5 Rdf8 14.
Re1 Ngxe5 15. Bd5 f6 16. Bf4 Rd8 17. Bxe4 Bxe4 18. Rxe4 Rhe8 19. b3 g5 20. Bg3
h5 21. h4 g4 22. Kb2 Rd2 23. Rae1 Rd3 24. cxd3 Nxd3+ 25. Kb1 Rd8 26. Rd1 f5 27.
Re3 Ncb4 28. Bxc7 Kxc7 29. a3 f4 30. Re4 Nxf2 31. Rc4+ Nc6 32. Rxd8 Kxd8 33.
Rxf4 Nh1 34. Rf5 Ng3 35. Rg5 Kc7 36. Kb2 Nd4 37. Nd5+ Kb8 38. Nf4 Ndf5 39. Nxh5
Nxh5 40. Rxh5 Ne3 41. Rg5 Nxg2 42. Rxg4 Ne3 43. Rg7 Nd1+ 44. Kc1 Ne3 45. h5 Nf5
46. h6 Nxh6 47. Rh7 Nf5 48. Rf7 Nd4 49. Kb2 Nb5 50. b4 Nd6 51. Rf8+ Ka7 52. a4
Nc4+ 53. Kb3 b5 54. a5 Kb7 55. Rf7+ Kc6 {Time forfeit} 0-1

[Event "Rated Blitz game"]
[Site "?"]
[Date "2021.05.20"]
[Round "?"]
[White "Licenciadomate"]
[Black "RJF72"]
[Result "1-0"]
[WhiteElo "2417"]
[BlackElo "2299"]
[PlyCount "75"]
[EventDate "2021.??.??"]
[EventType "blitz"]

1. e4 e5 2. Nf3 d5 3. exd5 Bd6 4. Bb5+ c6 5. dxc6 Nxc6 6. O-O Nf6 7. h3 O-O 8.
d3 h6 9. Nc3 Bf5 10. Re1 Re8 11. Ne4 Bc7 12. Bd2 Bxe4 13. dxe4 Qe7 14. Bc3 Qc5
15. Bd3 Rad8 16. Qc1 Bb6 17. Re2 Nb4 18. Bxb4 Qxb4 19. a3 Qc5 20. Nh4 Rd4 21.
Nf5 Nxe4 22. Bxe4 Rxe4 23. Nxh6+ gxh6 24. Rxe4 Qxf2+ 25. Kh1 f5 26. Re1 Re6 27.
Rf1 Qg3 28. Rxf5 Rg6 29. Qf1 Bc5 30. Rd1 Be7 31. Rd3 Qh4 32. Rdf3 Rg7 33. Qb5
e4 34. Rf1 Bd6 35. Qd5+ Kh7 36. Qxd6 e3 37. Qe5 e2 38. Qxe2 {Normal} 1-0

[Event "Rated Blitz game"]
[Site "?"]
[Date "2021.05.20"]
[Round "?"]
[White "oj_ossa"]
[Black "DonCroccante"]
[Result "0-1"]
[WhiteElo "2521"]
[BlackElo "2438"]
[PlyCount "74"]
[EventDate "2021.??.??"]
[EventType "blitz"]

1. e4 e5 2. Nf3 d5 3. Nc3 d4 4. Ne2 Nc6 5. Ng3 Be6 6. Bb5 Bd6 7. d3 Nge7 8. O-O
O-O 9. Ng5 Bd7 10. Qh5 h6 11. Nxf7 Rxf7 12. Bc4 Qf8 13. f4 g6 14. Bxf7+ Qxf7
15. Qxh6 Qg7 16. Qg5 exf4 17. Bxf4 Bxf4 18. Rxf4 Nd8 19. Rf2 Ne6 20. Qg4 Rf8
21. Raf1 c5 22. Rxf8+ Nxf8 23. Rxf8+ Qxf8 24. Qxd7 Nc6 25. Qd5+ Kg7 26. h4 Qf4
27. Qg5 Qxg5 28. hxg5 Nb4 29. e5 Nxc2 30. Ne4 b6 31. e6 Kf8 32. Nd6 Ke7 33.
Nc8+ Kxe6 34. Nxa7 Nb4 35. Nc8 Nxd3 36. Nxb6 Nxb2 37. a4 d3 {Normal} 0-1

[Event "Rated Blitz game"]
[Site "?"]
[Date "2021.05.20"]
[Round "?"]
[White "LordBendtner99"]
[Black "GoughPhar"]
[Result "1-0"]
[WhiteElo "2426"]
[BlackElo "2421"]
[PlyCount "35"]
[EventDate "2021.??.??"]
[EventType "blitz"]

1. e4 e5 2. Nf3 d5 3. exd5 e4 4. Qe2 Nf6 5. Nc3 Be7 6. Nxe4 O-O 7. d4 Qxd5 8.
Nxf6+ Bxf6 9. Be3 Nc6 10. Qc4 Qh5 11. O-O-O Rd8 12. Be2 Be6 13. Qa4 Qd5 14. c4
Qa5 15. Qxa5 Nxa5 16. d5 Bg4 17. b4 Bxf3 18. gxf3 {Normal} 1-0

[Event "Rated Blitz game"]
[Site "?"]
[Date "2021.05.20"]
[Round "?"]
[White "malcriado007"]
[Black "DonCroccante"]
[Result "1-0"]
[WhiteElo "2526"]
[BlackElo "2462"]
[PlyCount "85"]
[EventDate "2021.??.??"]
[EventType "blitz"]

1. e4 e5 2. Nf3 d5 3. Nxe5 Bd6 4. d4 dxe4 5. Nc4 Nf6 6. Nc3 Nc6 7. Be2 Bf5 8.
Nxd6+ Qxd6 9. Be3 O-O-O 10. Nb5 Qe7 11. c3 a6 12. Na3 Nd5 13. Qd2 Bg6 14. O-O-O
Nxe3 15. fxe3 f5 16. Qc2 Bf7 17. Bc4 Bh5 18. Rdf1 Qg5 19. Rf4 Rhf8 20. h4 Qg3
21. Qf2 Qxf2 22. Rxf2 g6 23. Nc2 Ne7 24. a4 c6 25. a5 Bg4 26. g3 Kc7 27. b4 Nc8
28. Kd2 Nd6 29. Bf1 h6 30. Na3 Rh8 31. Nc4 g5 32. Ne5 gxh4 33. Rxh4 h5 34. c4
Rhe8 35. Nxg4 hxg4 36. c5 Nc8 37. Rxf5 Ne7 38. Rf7 Kd7 39. Bc4 Rh8 40. Rxg4
Rh2+ 41. Kc3 Rdh8 42. Rxe4 Rh1 43. Rexe7+ {Normal} 1-0

[Event "Rated Blitz game"]
[Site "?"]
[Date "2021.05.20"]
[Round "?"]
[White "lastfight2008"]
[Black "bja555"]
[Result "1-0"]
[WhiteElo "2441"]
[BlackElo "2522"]
[PlyCount "45"]
[EventDate "2021.??.??"]
[EventType "blitz"]

1. e4 e5 2. Nf3 d5 3. Nxe5 Qe7 4. d4 f6 5. Ng4 Qxe4+ 6. Ne3 Nc6 7. c3 Be6 8.
Bd3 Qh4 9. Qf3 O-O-O 10. Nd2 Nh6 11. Ndf1 Ng4 12. h3 Nxe3 13. Bxe3 Bd6 14.
O-O-O Rhe8 15. g3 Bg4 16. Qxg4+ Qxg4 17. hxg4 h6 18. Bf4 Ne7 19. Ne3 c6 20.
Bxd6 Rxd6 21. Rde1 Re6 22. Nf5 Nxf5 23. Bxf5 {Normal} 1-0

[Event "Rated Rapid game"]
[Site "?"]
[Date "2021.05.20"]
[Round "?"]
[White "midhat59"]
[Black "Delyvj"]
[Result "1-0"]
[WhiteElo "2363"]
[BlackElo "2453"]
[PlyCount "143"]
[EventDate "2021.??.??"]
[EventType "rapid"]

1. e4 e5 2. Nf3 d5 3. d4 dxe4 4. Nxe5 Nd7 5. Nc4 f5 6. Bf4 Ngf6 7. Nc3 Nb6 8.
Nxb6 axb6 9. Qd2 Bb4 10. Bc4 c6 11. O-O Nd5 12. a3 Bxc3 13. bxc3 Be6 14. Bb3
O-O 15. Be5 Qe7 16. c4 Nf6 17. Bxf6 Rxf6 18. d5 Bf7 19. a4 f4 20. f3 Qc5+ 21.
Kh1 e3 22. Qd3 Rd8 23. Rad1 Bg6 24. Qe2 Rfd6 25. g3 fxg3 26. hxg3 Bf7 27. Rfe1
cxd5 28. cxd5 Bxd5 29. Qxe3 Qxe3 30. Rxe3 Kf8 31. Bxd5 Rxd5 32. Rxd5 Rxd5 33.
Re6 Rd1+ 34. Kg2 Rd2+ 35. Kh3 Rxc2 36. Rxb6 Rc7 37. Kg4 Ke7 38. a5 Kd7 39. a6
Rc4+ 40. f4 bxa6 41. Rxa6 Rc7 42. Kg5 Ke7 43. f5 Kf7 44. g4 Rb7 45. Rc6 Rd7 46.
Ra6 Kg8 47. Ra8+ Kf7 48. Ra6 h6+ 49. Kh5 Re7 50. Rb6 Rd7 51. Rc6 Rd1 52. Rc7+
Kf6 53. Rc6+ Kf7 54. Rc7+ Kg8 55. Kg6 Rd6+ 56. Kh5 Kh7 57. g5 hxg5 58. Kxg5 Rf6
59. Rc1 Ra6 60. Rc7 Kg8 61. Rb7 Ra1 62. Rc7 Rf1 63. Kg4 Kh7 64. Kg5 Rf2 65. Kg4
Kh6 66. Rc6+ Kh7 67. Rc7 Kh6 68. Rc5 Kh7 69. Kg3 Rf1 70. Kg2 Rf4 71. Kg3 Rf1
72. Rb5 {Time forfeit} 1-0

[Event "Rated Blitz game"]
[Site "?"]
[Date "2021.05.20"]
[Round "?"]
[White "Brutukseni"]
[Black "blastol"]
[Result "1-0"]
[WhiteElo "2372"]
[BlackElo "2407"]
[PlyCount "43"]
[EventDate "2021.??.??"]
[EventType "blitz"]

1. e4 e5 2. Nf3 d5 3. Nxe5 Bd6 4. d4 dxe4 5. Nc3 Nf6 6. Bc4 O-O 7. Bg5 Qe8 8.
Bxf6 gxf6 9. Ng4 Bxg4 10. Qxg4+ Kh8 11. O-O-O Rg8 12. Qf5 Nd7 13. Nxe4 Rg6 14.
h4 Rd8 15. Rde1 Qf8 16. h5 Rxg2 17. Ng3 Bxg3 18. fxg3 Rxg3 19. h6 Rg6 20. Qf4
Nb6 21. Bd3 Rg5 22. Qxf6+ {Normal} 1-0

[Event "Rated Blitz game"]
[Site "?"]
[Date "2021.05.20"]
[Round "?"]
[White "Upsylon"]
[Black "DonCroccante"]
[Result "0-1"]
[WhiteElo "2499"]
[BlackElo "2488"]
[PlyCount "128"]
[EventDate "2021.??.??"]
[EventType "blitz"]

1. e4 e5 2. Nf3 d5 3. exd5 e4 4. Nd4 Qxd5 5. Nb3 Nf6 6. Nc3 Qe5 7. Be2 Nc6 8.
O-O Bd6 9. g3 Bh3 10. Re1 O-O-O 11. d4 Qf5 12. d5 Ng4 13. Be3 Nce5 14. Nd4 Qh5
15. Nxe4 Bg2 16. Nxd6+ Rxd6 17. h4 Bxd5 18. Bf4 Qg6 19. Nb5 Rdd8 20. Qd4 Bc6
21. Nxa7+ Kb8 22. Nxc6+ Qxc6 23. Bxe5 Rxd4 24. Bxd4 Nf6 25. Bd3 Rd8 26. Bc3 Ng4
27. Bxg7 Qf3 28. Re2 f5 29. Rae1 f4 30. Be4 Qxe2 31. Rxe2 fxg3 32. fxg3 Rg8 33.
Bc3 Nh6 34. Kg2 Re8 35. Bxh7 Rxe2+ 36. Kf3 Re8 37. Bd3 Nf7 38. Kg2 Ne5 39. Kh3
Nf3 40. g4 Ne1 41. h5 Nf3 42. Kg3 Ng5 43. Kh4 Nf3+ 44. Kg3 Ne5 45. Kf4 Nf7 46.
Bf5 Rg8 47. g5 Nxg5 48. h6 Nf7 49. h7 Rf8 50. Kg4 Nd6 51. Be6 Ne4 52. h8=Q Rxh8
53. Bxh8 Nf2+ 54. Kf3 Nd1 55. Bd4 c5 56. Ke2 cxd4 57. Kxd1 Kc7 58. Kd2 Kd6 59.
Kd3 Kc5 60. c3 dxc3 61. bxc3 b6 62. c4 Kb4 63. Kd4 Ka5 64. c5 Ka6 {Time forfeit
} 0-1

[Event "Rated Blitz game"]
[Site "?"]
[Date "2021.05.20"]
[Round "?"]
[White "persian_golff"]
[Black "DonCroccante"]
[Result "0-1"]
[WhiteElo "2512"]
[BlackElo "2444"]
[PlyCount "124"]
[EventDate "2021.??.??"]
[EventType "blitz"]

1. e4 e5 2. Nf3 d5 3. Nxe5 Bd6 4. d4 dxe4 5. Be2 Bxe5 6. dxe5 Qxd1+ 7. Bxd1 Nc6
8. O-O Nxe5 9. Re1 Bf5 10. Nc3 O-O-O 11. Bf4 Ng6 12. Bg5 Re8 13. g4 Bd7 14.
Rxe4 Rxe4 15. Nxe4 h6 16. Be3 Bc6 17. Ng3 Nf6 18. f3 Ne5 19. Kf2 Re8 20. Bd4
Nd5 21. Nf5 g6 22. Nxh6 f5 23. gxf5 gxf5 24. Nxf5 Ng6 25. Ng3 Rf8 26. c4 Nb4
27. Ke3 Nf4 28. a3 Nbd3 29. Ne4 Ne1 30. Be2 Nc2+ 31. Kf2 Nxa1 32. Bd1 Rd8 33.
Be3 Ne6 34. Ke1 Nd4 35. Bxd4 Rxd4 36. Nc3 Rxc4 37. Kd2 Rd4+ 38. Kc1 Rxd1+ 39.
Kxd1 Nb3 40. Ke2 Nd4+ 41. Ke3 Nxf3 42. Kf4 Nh4 43. Ne2 Ng2+ 44. Ke5 Ne1 45. Nd4
Nd3+ 46. Kf6 Bg2 47. h4 Nxb2 48. Nf5 Be4 49. Ne7+ Kd7 50. Ng6 Bxg6 51. Kxg6 Nc4
52. h5 Ne5+ 53. Kg7 Ke7 54. h6 Nf7 55. h7 c5 56. Kg8 c4 57. Kg7 c3 58. h8=Q
Nxh8 59. Kxh8 c2 60. Kg7 c1=Q 61. Kg6 Qc3 62. Kf5 Qc2+ {Time forfeit} 0-1

[Event "Rated Blitz game"]
[Site "?"]
[Date "2021.05.20"]
[Round "?"]
[White "gzivan65"]
[Black "magos33"]
[Result "0-1"]
[WhiteElo "2380"]
[BlackElo "2404"]
[PlyCount "70"]
[EventDate "2021.??.??"]
[EventType "blitz"]

1. e4 e5 2. Nf3 d5 3. Nxe5 Bd6 4. d4 dxe4 5. Nc4 Nf6 6. Nc3 Bf5 7. Be2 O-O 8.
O-O Be7 9. Bf4 Bg6 10. d5 Bb4 11. d6 c6 12. Qd4 Bxc3 13. bxc3 Nd5 14. Bg3 f5
15. Be5 Nd7 16. f3 Nxe5 17. Qxe5 Re8 18. Qd4 b5 19. Ne3 Qxd6 20. Nxd5 Qxd5 21.
Qxd5+ cxd5 22. Bxb5 Rec8 23. Rad1 Rc5 24. a4 a6 25. Bd7 Kf7 26. fxe4 dxe4 27.
Rd4 Ke7 28. c4 Rd8 29. Rfd1 Rc7 30. Bb5 Rxd4 31. Rxd4 axb5 32. cxb5 Rxc2 33.
Rb4 e3 34. g3 Rc1+ 35. Kg2 e2 {Normal} 0-1

[Event "Rated Blitz game"]
[Site "?"]
[Date "2021.05.20"]
[Round "?"]
[White "EstrellasGalicia"]
[Black "annaly1979"]
[Result "1-0"]
[WhiteElo "2422"]
[BlackElo "2412"]
[PlyCount "61"]
[EventDate "2021.??.??"]
[EventType "blitz"]

1. e4 e5 2. Nf3 d5 3. exd5 e4 4. Qe2 f5 5. d3 Nf6 6. dxe4 fxe4 7. Nbd2 Be7 8.
Nxe4 Nxe4 9. Qxe4 O-O 10. Bd3 Bf5 11. Qc4 Bxd3 12. Qxd3 Nd7 13. Be3 a6 14.
O-O-O b5 15. h4 Bd6 16. Ng5 Nf6 17. Ne6 Qd7 18. Nxf8 Rxf8 19. f3 a5 20. g4 a4
21. h5 Ne8 22. h6 g6 23. f4 a3 24. b3 Bxf4 25. Bxf4 Rxf4 26. Rhf1 Qxg4 27. Rde1
Nd6 28. Qc3 Rd4 29. Qxc7 Qg5+ 30. Kb1 Qxh6 31. Qd8+ {Normal} 1-0

[Event "Rated Blitz tournament 7uguc7zz"]
[Site "?"]
[Date "2021.05.20"]
[Round "?"]
[White "licg"]
[Black "dr_xStranger"]
[Result "0-1"]
[WhiteElo "2504"]
[BlackElo "2539"]
[PlyCount "58"]
[EventDate "2021.??.??"]
[EventType "blitz"]

1. e4 e5 2. Nf3 d5 3. exd5 e4 4. Ne5 Qxd5 5. d4 exd3 6. Nxd3 Nf6 7. Nc3 Qd8 8.
Be2 Bd6 9. Bf3 h6 10. O-O O-O 11. Re1 Nc6 12. Bf4 Nd4 13. Ne4 Nxe4 14. Rxe4
Nxf3+ 15. Qxf3 Bf5 16. Rd4 Qf6 17. Bxd6 Qxd4 18. Bxf8 Be4 19. Qg3 Rxf8 20. Qxc7
Bxd3 21. cxd3 Qxb2 22. Re1 Qxa2 23. Qxb7 Qd2 24. Qe4 a5 25. h4 a4 26. Re2 Qc1+
27. Re1 Qc2 28. Re2 Qb3 29. Qc4 Qd1+ {Normal} 0-1

[Event "Rated Blitz game"]
[Site "?"]
[Date "2021.05.20"]
[Round "?"]
[White "impetuousBalm"]
[Black "DonCroccante"]
[Result "1-0"]
[WhiteElo "2606"]
[BlackElo "2452"]
[PlyCount "55"]
[EventDate "2021.??.??"]
[EventType "blitz"]

1. e4 e5 2. Nf3 d5 3. exd5 e4 4. Qe2 Nf6 5. d3 Qxd5 6. Nbd2 Qa5 7. c3 Nc6 8.
Nxe4 Nxe4 9. Qxe4+ Be6 10. Ng5 O-O-O 11. Nxe6 fxe6 12. Bf4 e5 13. Bd2 Bc5 14.
b4 Bxf2+ 15. Kxf2 Qb6+ 16. Be3 Rhf8+ 17. Ke2 Qa6 18. a4 Ne7 19. b5 Qe6 20. g3
Nd5 21. Bd2 Qf6 22. Bh3+ Kb8 23. Raf1 Qd6 24. Rxf8 Qxf8 25. Rf1 Qa3 26. Bg2 c6
27. Qxe5+ Ka8 28. bxc6 {Normal} 1-0

[Event "Rated Blitz tournament Nu6ZDF0v"]
[Site "?"]
[Date "2021.05.20"]
[Round "?"]
[White "Kitikites"]
[Black "bja555"]
[Result "1-0"]
[WhiteElo "2567"]
[BlackElo "2524"]
[PlyCount "21"]
[EventDate "2021.??.??"]
[EventType "blitz"]

1. e4 e5 2. Nf3 d5 3. Nc3 d4 4. Ne2 Nc6 5. d3 Be7 6. g3 Nf6 7. Bg2 O-O 8. O-O
Bg4 9. h3 Be6 10. Ng5 Bd7 11. f4 {Time forfeit} 1-0

[Event "Rated Blitz tournament OTQbMeX1"]
[Site "?"]
[Date "2021.05.20"]
[Round "?"]
[White "hectordaniel6"]
[Black "Schachelite"]
[Result "1-0"]
[WhiteElo "2277"]
[BlackElo "2402"]
[PlyCount "67"]
[EventDate "2021.??.??"]
[EventType "blitz"]

1. e4 e5 2. Nf3 d5 3. Nc3 d4 4. Ne2 Nc6 5. Ng3 Bd6 6. Be2 Nf6 7. O-O O-O 8. d3
h6 9. a3 Be6 10. Bd2 Rc8 11. b4 a6 12. h3 Qe7 13. Nh4 Nxe4 14. Nhf5 Qf6 15.
dxe4 Kh7 16. Nh5 Qd8 17. Nhxg7 Rg8 18. Nxe6 fxe6 19. Nxd6 cxd6 20. Bg4 Qh4 21.
Bxe6 Ne7 22. Bxc8 Nxc8 23. Qf3 Nb6 24. Qf5+ Rg6 25. f4 Nc4 26. Rad1 Qg3 27. Rf2
Ne3 28. Bxe3 dxe3 29. Re2 exf4 30. Rxd6 f3 31. Rxg6 f2+ 32. Kf1 Qh2 33. Qf7+
Kh8 34. Rg8# {Normal} 1-0

[Event "Rated Blitz game"]
[Site "?"]
[Date "2021.05.20"]
[Round "?"]
[White "Apollon94"]
[Black "anjaya01"]
[Result "1-0"]
[WhiteElo "2361"]
[BlackElo "2421"]
[PlyCount "93"]
[EventDate "2021.??.??"]
[EventType "blitz"]

1. e4 e5 2. Nf3 d5 3. exd5 Bd6 4. Nc3 f5 5. Bc4 h6 6. d3 Nf6 7. O-O O-O 8. Re1
Nbd7 9. Nh4 Nb6 10. Bb3 g5 11. Nf3 Re8 12. Be3 a6 13. a4 Nbd7 14. Ne2 b6 15. c4
Qe7 16. Nc3 Ng4 17. Bd2 Qg7 18. h3 Ngf6 19. d4 e4 20. Nh2 h5 21. Ne2 Nf8 22.
Ng3 Qg6 23. c5 bxc5 24. dxc5 Bxc5 25. d6+ Kh7 26. dxc7 f4 27. Ngf1 Ne6 28. Bc3
g4 29. hxg4 hxg4 30. Bxf6 g3 31. Ng4 gxf2+ 32. Nxf2 f3 33. g3 Qxf6 34. Qd5 Ng5
35. Qxc5 e3 36. Nxe3 Qe7 37. Qxe7+ Rxe7 38. Rac1 Bb7 39. Nf5 Rc8 40. Nxe7 Nh3+
41. Nxh3 Re8 42. Bc2+ Kg7 43. Nf5+ Kf6 44. Rxe8 f2+ 45. Kxf2 Bc8 46. Rxc8 Ke5
47. Re8+ {Time forfeit} 1-0

[Event "Rated Blitz game"]
[Site "?"]
[Date "2021.05.20"]
[Round "?"]
[White "Aragiotto"]
[Black "annaly1979"]
[Result "0-1"]
[WhiteElo "2427"]
[BlackElo "2398"]
[PlyCount "90"]
[EventDate "2021.??.??"]
[EventType "blitz"]

1. e4 e5 2. Nf3 d5 3. Nxe5 Qe7 4. d4 f6 5. Nd3 Nc6 6. c3 Bf5 7. Be2 Bxe4 8. O-O
Qf7 9. Bf4 O-O-O 10. Nd2 Bf5 11. Nb3 Bxd3 12. Qxd3 g5 13. Qf5+ Kb8 14. Bxg5
Nce7 15. Qf3 Bh6 16. Bxh6 Nxh6 17. Bd3 Rhg8 18. h3 f5 19. Rfe1 Ng6 20. Bf1 Nh4
21. Qf4 Qh5 22. Re7 Rd6 23. Rae1 Ng6 24. Re8+ Rd8 25. Rxd8+ Rxd8 26. Qe3 f4 27.
Qe6 f3 28. Qd7 Rc8 29. Re8 Ne7 30. Rxe7 fxg2 31. Bxg2 Nf5 32. Re5 Qd1+ 33. Kh2
Nd6 34. Nc5 Qc1 35. Qg4 Qxb2 36. Rxd5 Qxc3 37. Nd7+ Ka8 38. Rxd6 cxd6 39. Nf6
Rf8 40. Nd5 Qc8 41. Qg7 Rxf2 42. Nc7+ Kb8 43. Nd5 a6 44. Qg3 Qf8 45. Qxd6+
Qxd6+ {Normal} 0-1

[Event "Rated Blitz tournament 7uguc7zz"]
[Site "?"]
[Date "2021.05.20"]
[Round "?"]
[White "mehrdad3000"]
[Black "dr_xStranger"]
[Result "0-1"]
[WhiteElo "2287"]
[BlackElo "2533"]
[PlyCount "122"]
[EventDate "2021.??.??"]
[EventType "blitz"]

1. e4 e5 2. Nf3 d5 3. d3 dxe4 4. dxe4 Qxd1+ 5. Kxd1 Nc6 6. Bb5 Bg4 7. Bxc6+
bxc6 8. Ke2 O-O-O 9. Be3 Nf6 10. Nc3 Bb4 11. h3 Bh5 12. g4 Bg6 13. Nxe5 Bxc3
14. bxc3 Nxe4 15. Nxc6 Nxc3+ 16. Ke1 Rd6 17. Ne7+ Kb7 18. Nxg6 Rhd8 19. Kf1
hxg6 20. Kg2 Nd5 21. Rhe1 f5 22. Rab1+ Ka8 23. Bg5 Rf8 24. c4 Nc3 25. Rbc1 Rd3
26. Re7 Ne4 27. Be3 Rc8 28. Rb1 Nd6 29. c5 Nc4 30. Rb3 Nxe3+ 31. fxe3 Rd2+ 32.
Kf3 Rxa2 33. gxf5 gxf5 34. c6 Rc2 35. Rxg7 Rxc6 36. h4 a5 37. Rb5 Ra6 38. Rxf5
a4 39. Rg1 a3 40. Ra1 a2 41. Rc5 Rf8+ 42. Ke2 Rg8 43. Rxc7 Rg2+ 44. Kf3 Rb2 45.
Rcc1 Kb7 46. Rh1 Rab6 47. h5 Rb1 48. h6 Rxh1 49. Rxh1 Rb1 50. Rh4 a1=Q 51. h7
Rf1+ 52. Kg2 Rg1+ 53. Kf3 Qf6+ 54. Ke4 Qxh4+ 55. Kd3 Qxh7+ 56. e4 Rg4 57. Kc3
Qxe4 58. Kd2 Qf3 59. Ke1 Rh4 60. Kd2 Rh2+ 61. Ke1 Qh1# {Normal} 0-1

[Event "Rated Blitz tournament 7uguc7zz"]
[Site "?"]
[Date "2021.05.20"]
[Round "?"]
[White "RebelJohnny"]
[Black "dr_xStranger"]
[Result "1-0"]
[WhiteElo "2642"]
[BlackElo "2563"]
[PlyCount "97"]
[EventDate "2021.??.??"]
[EventType "blitz"]

1. e4 e5 2. Nf3 d5 3. exd5 e4 4. Qe2 Nf6 5. d3 Bb4+ 6. c3 O-O 7. dxe4 Bc5 8.
Bg5 Nbd7 9. Nbd2 Re8 10. Qc4 c6 11. dxc6 bxc6 12. Bd3 a5 13. Qb3 Bxf2+ 14. Kxf2
Nc5 15. Bxf6 Nxd3+ 16. Ke3 gxf6 17. Nd4 Nc5 18. Qc4 Qb6 19. b4 Nxe4 20. Nxe4 f5
21. Qc5 Rxe4+ 22. Kd2 Qc7 23. Rhf1 Qxh2 24. Rae1 Qxg2+ 25. Kc1 axb4 26. Rg1
Rxe1+ 27. Rxe1 Be6 28. Nxe6 b3 29. Rg1 Qg6 30. Rxg6+ hxg6 31. axb3 fxe6 32.
Qxc6 Ra1+ 33. Kb2 Re1 34. b4 f4 35. b5 Re2+ 36. Kb3 Re1 37. b6 Kf7 38. b7 Kf6
39. Kc2 Re2+ 40. Kd3 Rb2 41. Qc7 f3 42. b8=Q f2 43. Qf4+ Kg7 44. Qxb2 f1=Q+ 45.
Qxf1 Kh7 46. Qbf2 Kh6 47. Qf6 Kh7 48. Qh1+ Kg8 49. Qhh8# {Normal} 1-0

[Event "Rated Blitz game"]
[Site "?"]
[Date "2021.05.20"]
[Round "?"]
[White "ru7hvik"]
[Black "emiliofelixramirez"]
[Result "0-1"]
[WhiteElo "2354"]
[BlackElo "2415"]
[PlyCount "69"]
[EventDate "2021.??.??"]
[EventType "blitz"]

1. e4 e5 2. Nf3 d5 3. Nxe5 Bd6 4. d4 dxe4 5. Nc4 Nf6 6. Nxd6+ cxd6 7. c4 O-O 8.
d5 Bf5 9. Nc3 Nbd7 10. Be3 a6 11. Be2 Rc8 12. h3 Ne5 13. b3 b5 14. Bd4 bxc4 15.
Bxe5 dxe5 16. bxc4 Qa5 17. Qd2 Qc5 18. Rc1 Rfd8 19. O-O Bg6 20. Qe3 Qa5 21. Bd1
Rc7 22. Bb3 Rdc8 23. Na4 Nd7 24. Rfd1 Nc5 25. Nxc5 Qxc5 26. Qc3 f6 27. Re1 a5
28. a4 Rb8 29. Rb1 Rb4 30. Re3 h6 31. Qd2 Rcb7 32. Qc2 Kh7 33. Rc3 e3 34. Qa2
exf2+ 35. Kf1 {Normal} 0-1

[Event "Rated Blitz game"]
[Site "?"]
[Date "2021.05.20"]
[Round "?"]
[White "daddystrength"]
[Black "alimente"]
[Result "1-0"]
[WhiteElo "2438"]
[BlackElo "2439"]
[PlyCount "59"]
[EventDate "2021.??.??"]
[EventType "blitz"]

1. e4 e5 2. Nf3 d5 3. exd5 e4 4. Ng1 Nf6 5. Nc3 Bb4 6. d3 O-O 7. dxe4 Nxe4 8.
Bd2 Bxc3 9. Bxc3 Nxc3 10. bxc3 Re8+ 11. Be2 Bg4 12. Qd3 Na6 13. Qc4 Qg5 14. Kf1
Bf5 15. Nf3 Qh6 16. Bd3 Bxd3+ 17. cxd3 Rad8 18. Qb5 Qg6 19. Rd1 Rd6 20. h4 Red8
21. c4 Rb6 22. Qa4 Rb2 23. Rh3 Nc5 24. Qa3 Qb6 25. Rd2 Rb1+ 26. Ne1 Re8 27. Re2
Rxe2 28. Kxe2 Rb2+ 29. Kf1 Ne6 30. Re3 {Time forfeit} 1-0

[Event "Rated Blitz game"]
[Site "?"]
[Date "2021.05.20"]
[Round "?"]
[White "Kitikites"]
[Black "DarthZannah"]
[Result "1-0"]
[WhiteElo "2560"]
[BlackElo "2545"]
[PlyCount "131"]
[EventDate "2021.??.??"]
[EventType "blitz"]

1. e4 e5 2. Nf3 d5 3. Nc3 d4 4. Ne2 Bd6 5. d3 Ne7 6. g3 O-O 7. Bg2 Nbc6 8. c3
dxc3 9. bxc3 Bc5 10. d4 exd4 11. cxd4 Bb4+ 12. Bd2 Bg4 13. Bxb4 Nxb4 14. O-O
Bxf3 15. Bxf3 b6 16. Qa4 a5 17. a3 Na6 18. Rac1 Rc8 19. Rfd1 c6 20. e5 b5 21.
Qb3 Nd5 22. Bxd5 Qxd5 23. Qxd5 cxd5 24. Nc3 b4 25. Nxd5 Rxc1 26. Rxc1 bxa3 27.
Ra1 Rd8 28. Ne7+ Kf8 29. Nc6 Rc8 30. d5 Nb4 31. Rxa3 Nxc6 32. dxc6 Rxc6 33.
Rxa5 Ke7 34. Kg2 Ke6 35. f4 Rc2+ 36. Kh3 Rb2 37. Ra6+ Kf5 38. Ra7 Ke6 39. Kg4
Rxh2 40. f5+ Kxe5 41. Rxf7 g6 42. fxg6 hxg6 43. Kg5 Ke4 44. Rf4+ Ke3 45. Rf6
Rf2 46. g4 Rg2 47. Rxg6 Kf3 48. Rf6+ Kg3 49. Rb6 Kf3 50. Rb3+ Ke4 51. Rb8 Ke5
52. Re8+ Kd6 53. Kf5 Kd7 54. Re4 Rf2+ 55. Kg6 Rg2 56. g5 Kd8 57. Kf6 Rf2+ 58.
Kg7 Rg2 59. g6 Rg1 60. Kf7 Rf1+ 61. Kg8 Rg1 62. g7 Rf1 63. Re5 Kd7 64. Kh7 Rh1+
65. Kg6 Rg1+ 66. Rg5 {Normal} 1-0

[Event "Rated Rapid game"]
[Site "?"]
[Date "2021.05.20"]
[Round "?"]
[White "rattascalpel"]
[Black "Delyvj"]
[Result "0-1"]
[WhiteElo "2361"]
[BlackElo "2476"]
[PlyCount "24"]
[EventDate "2021.??.??"]
[EventType "rapid"]

1. e4 e5 2. Nf3 d5 3. Nxe5 dxe4 4. Bc4 Qg5 5. Nxf7 Qxg2 6. Rf1 Bg4 7. Be2 Bxe2
8. Qxe2 Kxf7 9. Qh5+ Qg6 10. Qd5+ Qe6 11. Qxb7 Qc6 12. Qc8 Nd7 {Normal} 0-1

[Event "Rated Blitz tournament 2BIdURot"]
[Site "?"]
[Date "2021.05.20"]
[Round "?"]
[White "allanzaidan"]
[Black "GoughPhar"]
[Result "0-1"]
[WhiteElo "2206"]
[BlackElo "2416"]
[PlyCount "40"]
[EventDate "2021.??.??"]
[EventType "blitz"]

1. e4 e5 2. Nf3 d5 3. exd5 e4 4. Ne5 Qxd5 5. d4 exd3 6. Nxd3 Nf6 7. Nc3 Qa5 8.
Be2 Nc6 9. O-O Be6 10. Nf4 Rd8 11. Qe1 Bd6 12. Nxe6 fxe6 13. Bc4 e5 14. Bg5 Qb4
15. Bb3 Qg4 16. Bxf6 gxf6 17. Ne4 Be7 18. f3 Qg6 19. Rd1 Nd4 20. Qc3 Ne2+ {
Normal} 0-1

[Event "Rated Blitz tournament 2BIdURot"]
[Site "?"]
[Date "2021.05.20"]
[Round "?"]
[White "ocarrasco"]
[Black "GoughPhar"]
[Result "0-1"]
[WhiteElo "2217"]
[BlackElo "2403"]
[PlyCount "52"]
[EventDate "2021.??.??"]
[EventType "blitz"]

1. e4 e5 2. Nf3 d5 3. exd5 e4 4. Nd4 Qxd5 5. Nb3 Nf6 6. Nc3 Qf5 7. Be2 Nc6 8.
O-O Bd6 9. d4 h5 10. a3 Ng4 11. h4 Bh2+ 12. Kh1 Nxf2+ 13. Rxf2 Qxf2 14. Kxh2
Qxh4+ 15. Kg1 Bg4 16. Be3 O-O-O 17. Bf2 Qg5 18. Nxe4 Qg6 19. Bf3 Ne5 20. Kh1 h4
21. Bxg4+ Nxg4 22. Qf3 Qxe4 23. Qxe4 Nxf2+ 24. Kh2 Nxe4 25. c3 g5 26. Rf1 f6 {
Normal} 0-1